5Sの学部 - Statistics

General Stats
  • This quiz has been taken 9 times
  • The average score is 29 of 33
Answer Stats
Hint Answer % Correct
教育学部
100%
経済学部
100%
理学部
100%
工学部
100%
教育学部
100%
理学部
100%
医学部
100%
工学部
100%
繊維学部
100%
教育学部
100%
理学部
100%
静岡大学 工学部
100%
滋賀大学 経済学部
100%
教育学部
100%
教育学部
100%
法学部
100%
理学部
100%
工学部
100%
医学部
100%
歯学部
100%
埼玉大学 教養学部
86%
信州大学 人文学部
86%
農学部
86%
農学部
86%
新潟大学 人文学部
86%
農学部
86%
静岡大学 人文社会科学部
71%
データサイエンス学部
71%
創生学部
71%
経法学部
57%
経済科学部
57%
情報学部
43%
グローバル共創科学部
43%
No matching quizzes found
Score Distribution
Percent of People with Each Score
Percentile by Number Answered
Your Score History
You have not taken this quiz